[Event "RUS-ch Youth U21 Boys 2017"]
[Site "Loo"]
[Date "2017.04.25"]
[Round "6"]
[White "Paravyan, David"]
[Black "Lomasov, Semen"]
[Result "1/2-1/2"]
[WhiteElo "2534"]
[BlackElo "2489"]
[Annotator "TA"]
[PlyCount "121"]
[EventDate "2017.??.??"]
[EventType "tourn"]
[EventCountry "RUS"]
[SourceTitle "playchess.com"]
[Source "ChessBase"]
[SourceQuality "1"]

{[%evp 15,121,30,43,43,47,27,36,41,48,46,49,50,66,58,68,43,52,15,53,15,21,15,8,0,15,15,21,12,11,25,44,34,22,0,0,-26,-37,-64,-69,-133,-131,-100,-24,-52,0,-83,170,164,191,175,186,189,197,187,315,294,359,180,273,221,235,187,314,220,199,156,251,219,212,215,275,279,313,316,348,335,325,325,344,325,414,350,351,350,715,321,253,0,633,0,202,133,147,93,100,114,93,64,64,64,64,20,20,20,20,20,79,0]} 1. e4 e5 2. Nf3 Nc6 3. Bc4 Nf6 4. d3 Be7 5. O-O O-O 6. Re1 d6 7. a4 Be6 8. Nbd2 Re8 {LiveBook: 5 Games. C55: Two Knights: 4 d3, 4 d4 exd4 5 e5 and Max Lange Attack} 9. Bxe6 fxe6 10. Nc4 Rf8 $146 {White has an edge.} (10... Bf8 11. c3 Ne7 12. Qb3 Qc8 13. Bg5 Ng6 14. Rad1 h6 15. Bc1 Rb8 16. d4 exd4 17. Nxd4 {½-½ (30) Colmenares,A (2370)-Demuth,A (2527) Bad Ragaz 2017}) 11. c3 Qe8 12. b4 a6 13. Bd2 b5 14. Na3 Rb8 15. axb5 axb5 16. Qb3 Nd8 17. c4 bxc4 18. dxc4 Qg6 19. Qd3 Ra8 20. Nc2 Rxa1 21. Nxa1 Nf7 22. Nb3 Nh5 23. Na5 Ng5 $1 {[%cal Rg5h3]} 24. Bxg5 Bxg5 25. g3 Bh6 $1 {White must now prevent ...Nf4.} 26. Nh4 Qf6 27. Qf1 (27. Rf1 $1 $15) 27... Bd2 $17 28. Rb1 c5 (28... Bg5 $17 29. Ng2 Qf3) 29. Nc6 Bxb4 ({Black should play} 29... cxb4 $15 30. Qe2 Bc3 31. Qxh5 g5) 30. Rb3 (30. Rd1 $11 {keeps the balance.}) 30... Nf4 $2 {[%mdl 8192]} (30... Qf7 $1 $17 {aiming for ...Nf6.} 31. Nf3 (31. Nxb4 cxb4 32. Nf3 Nf6 $17) 31... Qc7 32. Nxb4 cxb4) 31. Nf3 $18 Ng6 32. Qd1 Ne7 33. Nxb4 cxb4 34. Qxd6 Ng6 (34... g5 $142) 35. Qxb4 Qd8 36. Qd2 (36. c5 $142) 36... Qa8 (36... Qxd2 $142 37. Nxd2 Kf7 38. Rb7+ Kf6) 37. Qc2 Ne7 38. c5 Qa4 (38... Nc6 {was worth a try.} 39. Qc4 Qe8) 39. Kg2 Nc6 40. Rc3 Qa7 (40... Qxc2 $16 41. Rxc2 Nd4 42. Nxd4 exd4) 41. Qd2 Qa5 42. Rd3 Qa4 43. Qe3 h6 44. Rd6 Rf6 45. Qd3 Kh7 46. h3 {[%cal Bh2h3,Bh3h4,Bh4h5][%mdl 32]} Kg8 47. h4 Kh7 48. h5 Qa8 49. Qb5 Qa3 $2 (49... Na7 50. Qc4 Nc6) 50. Rd3 (50. Qxc6 Qxf3+ 51. Kh3 Qxh5+ 52. Kg2 Qe2 53. Kh3 Rxf2 54. g4 Rh2+ 55. Kg3 Qg2#) (50. Nh2 $142) 50... Qa8 51. Rd6 $2 (51. Rd7) 51... Qa3 $1 {[%cal Ra3f3] [#]} 52. Rd3 $2 (52. Qxc6 {leads to mate.} Qxf3+ 53. Kh3 Qxh5+ 54. Kg2 Qe2 55. Kh3 Rxf2 56. g4 Rh2+ 57. Kg3 Qg2#) (52. Nh2 $1) 52... Qa8 53. Qb1 Qf8 {[#]} 54. Qb2 ({Better is} 54. Qe1 $1) 54... Qf7 $16 55. Qe2 ({Don't play} 55. Nxe5 $6 Nxe5 56. Qxe5 Rxf2+ 57. Kh3 Rc2 $11) 55... Qxh5 56. Nd4 (56. Rd6 $5 {creates asymmetry.} Qe8 57. Qb2 Qa8 58. Qb3 Rf7 59. Qxe6 Qf8 60. Qg6+) 56... Qe8 57. Nxc6 Qxc6 58. Qe3 Qa4 59. Rc3 {Threatens to win with c6.} Rf7 60. Qe2 Qc6 (60... Rc7 $11) 61. Qe3 (61. Rc4 $16) 1/2-1/2

[Event "RUS-ch Youth U21 Boys 2017"]
[Site "Loo"]
[Date "2017.04.25"]
[Round "6"]
[White "Esipenko, Andrey"]
[Black "Faizrakhmanov, Ramil"]
[Result "1-0"]
[WhiteElo "2492"]
[BlackElo "2436"]
[Annotator "TA"]
[PlyCount "63"]
[EventDate "2017.??.??"]
[EventType "tourn"]
[EventCountry "RUS"]
[SourceTitle "playchess.com"]
[Source "ChessBase"]
[SourceQuality "1"]

{[%evp 18,63,-5,-33,66,40,58,60,78,68,100,76,152,153,179,177,227,219,214,193,183,168,189,200,303,317,322,221,245,245,378,265,300,290,285,168,144,117,364,354,538,539,698,629,888,837,839,828]} 1. d4 Nf6 2. c4 g6 3. Nc3 Bg7 4. e4 d6 5. Nf3 O-O 6. h3 e5 7. d5 a5 8. Be3 Na6 9. Nd2 Nd7 10. g4 {LiveBook: 18 Games. E90: King's Indian: Classical: Early deviations and 6 h3} Nb6 ({Better is} 10... f5 $15 11. gxf5 gxf5) 11. h4 $14 {[%cal Bh3h4,Bh4h5,Bh5h6][%mdl 32]} Nc5 12. g5 {White is slightly better.} f6 (12... c6 13. h5 Bd7 14. Be2 cxd5 15. cxd5 Nba4 16. Nxa4 Nxa4 17. Rb1 Rc8 18. f3 {1-0 (41) Khairullin,I (2652)-Al Sayed,M (2520) Berlin 2015}) 13. Qe2 c6 14. gxf6 $146 (14. Bh3 Bxh3 15. Rxh3 Qd7 16. Rh2 cxd5 17. cxd5 Nba4 18. Nd1 {0-1 (37) Velten,P (2366)-Muhammad,L (2078) Athens 2012}) 14... Qxf6 (14... Bxf6 $142 15. h5 g5) 15. h5 $16 Bd7 16. O-O-O g5 {[#]} 17. h6 $1 {[%cal Rh6g7][%mdl 512]} Bxh6 18. Qh5 Kg7 19. Be2 {Hoping for Rdg1.} Qg6 20. Qh2 Rf4 (20... cxd5 $142 21. exd5 (21. cxd5 Rac8 $16) 21... Rf4 22. Bxf4 exf4) 21. Bxf4 $18 exf4 22. Rdg1 cxd5 23. cxd5 Rc8 (23... Nba4 $142 24. Nxa4 Nxa4) 24. Kb1 Nca4 25. Nxa4 Nxa4 26. Bd1 (26. Bg4 Bxg4 27. Rxg4 Qf6 $16) (26. Nf3 $142 {And now Nxg5! would win.} Qf6 {[#]} 27. Nd4 $1 {[%mdl 512]}) 26... Nb6 {intending ...Nxd5.} 27. Qg2 Bb5 $2 (27... Kf8 $16) 28. Qh3 Rc5 (28... Bd7 {was worth a try.} 29. Bg4 Bxg4 30. Rxg4 Rc5) 29. Bg4 {White is clearly winning.} Qf6 {[#]} 30. e5 $1 {[%mdl 512]} dxe5 31. Ne4 Qg6 32. Bf5 1-0

[Event "RUS-ch Youth U21 Boys 2017"]
[Site "Loo"]
[Date "2017.04.25"]
[Round "6"]
[White "Khegay, Dmitriy"]
[Black "Yuffa, Daniil"]
[Result "1-0"]
[WhiteElo "2477"]
[BlackElo "2521"]
[Annotator "TA"]
[PlyCount "89"]
[EventDate "2017.??.??"]
[EventType "tourn"]
[EventCountry "RUS"]
[SourceTitle "playchess.com"]
[Source "ChessBase"]
[SourceQuality "1"]

{[%evp 12,89,36,16,27,21,18,18,13,21,17,-37,54,47,45,53,66,55,60,44,39,15,15,15,14,14,13,13,28,25,33,29,50,30,30,30,26,27,29,29,44,41,63,49,61,62,83,80,80,67,86,49,49,52,52,51,49,48,254,257,310,316,704,694,695,689,29977,29978,29978,29979,29979,29980,29980,29981,29981,29982,29982,29983,29983,29984]} 1. d4 c6 2. c4 d5 3. Nf3 Nf6 4. e3 a6 5. Nc3 b5 6. b3 Bg4 7. Bd3 Nbd7 {D15: Slav Defence: 4 Nc3 a6 and gambit lines after 4 Nc3 dxc4} 8. O-O e6 9. Bb2 Bd6 {The position is equal.} (9... Be7 10. cxd5 cxd5 11. a4 b4 12. Ne2 Ne4 13. Ne1 Nd6 14. f3 Bh5 15. Ng3 {0-1 (65) Lysyj,I (2666)-Volkov,S (2615) Khanty-Mansiysk 2013}) 10. h3 Bh5 11. Ne2 $146 ({Better is} 11. cxd5 $11 cxd5 12. e4 dxe4 13. Nxe4 (13. Bxe4 $2 b4 14. Bxa8 bxc3 15. Bxc3 Qxa8 $19)) (11. e4 dxe4 12. Nxe4 Nxe4 13. Bxe4 Rc8 14. cxb5 cxb5 15. d5 {½-½ (48) Schoen,A (2481)-Jaworski,M (2417) ICCF email 2007}) 11... Ne4 ({Black should try} 11... Bxf3 $15 12. gxf3 dxc4 13. bxc4 bxc4 14. Bxc4 Nd5) 12. Ne5 $1 $14 Bxe5 13. dxe5 Nec5 14. cxd5 cxd5 15. Bd4 O-O 16. Qc2 Nxd3 17. Qxd3 Bg6 18. Qd2 Qb8 19. Nf4 Rc8 20. Rfc1 Rxc1+ 21. Rxc1 Nxe5 22. Qc3 (22. Qb2 $5 {looks sharper.} f6 23. Bxe5 Qxe5 24. Qxe5 fxe5 25. Nxe6 Kf7 26. Rc6) 22... b4 23. Bxe5 bxc3 24. Bxb8 Rxb8 25. Nxg6 hxg6 26. Rxc3 $11 {[%mdl 4096] Endgame KR-KR} g5 27. Rc5 Rb6 28. Kf1 f5 29. Rc7 Kh7 30. Ke2 Kg6 31. Kd3 Kf6 32. Kc3 f4 33. a4 fxe3 34. fxe3 Ke5 $2 (34... a5 $14) 35. a5 $1 $18 {[%cal Ra5b6]} (35. Rxg7 Rc6+ 36. Kd2 Rb6 $16) 35... Rb5 {[#]} 36. b4 $1 (36. Rxg7 Kf6 37. Rh7 Rxa5 $11) 36... Ke4 $2 (36... Rb8 37. Rxg7 Kf5) 37. Rc6 ({Stronger than} 37. Rxg7 Kxe3 38. Ra7 d4+ 39. Kc4 Rd5 40. Rxa6 d3 41. Rxe6+ Kf2 42. Kxd5 (42. g4 $2 d2 43. Kxd5 d1=Q+ 44. Kc5 Qc2+ 45. Kb5 Qd3+ 46. Kc5 Qc3+ 47. Kb5 Qxh3 $19) 42... d2 $17) 37... e5 38. Rxa6 Kxe3 39. Rb6 {White mates.} d4+ 40. Kc4 Rxb6 41. axb6 d3 42. b7 d2 43. b8=Q d1=Q 44. Qxe5+ Kf2 {[#]} 45. Qd4+ $1 ({Less strong is} 45. Qxg7 Qe2+ 46. Kc5 Qc2+ 47. Kb6 Qd2 $16) 1-0

[Event "RUS-ch Youth U21 Boys 2017"]
[Site "Loo"]
[Date "2017.04.25"]
[Round "6"]
[White "Sarana, Alexey"]
[Black "Zakhartsov, Vladimir"]
[Result "1-0"]
[WhiteElo "2464"]
[BlackElo "2470"]
[Annotator "TA"]
[PlyCount "75"]
[EventDate "2017.??.??"]
[EventType "tourn"]
[EventCountry "RUS"]
[SourceTitle "playchess.com"]
[Source "ChessBase"]
[SourceQuality "1"]

{[%evp 13,75,22,33,-9,0,0,2,-20,-10,-16,-26,-11,0,-2,0,0,4,15,22,15,19,11,25,0,0,0,0,4,27,-50,22,-39,-49,-49,0,0,0,-48,-46,-41,0,0,0,0,0,0,108,83,147,133,229,231,483,465,556,544,1055,1042,1353,1317,2412,1906,29989,29990]} 1. d4 Nf6 2. Nf3 e6 3. g3 b5 4. Bg2 Bb7 5. Qd3 a6 {A46: 1 d4 Nf6 2 Nf3 e6: Torre, London and Colle Systems} 6. a4 Be4 7. Qd1 Bb7 {LiveBook: 4 Games. The position is equal.} 8. Be3 $146 (8. O-O Be7 9. axb5 axb5 10. Rxa8 Bxa8 11. Qd3 b4 12. Bf4 Bb7 13. c4 bxc3 14. Nxc3 O-O 15. Ra1 {1-0 (41) Adly,A (2589)-Mieles Palau,D (2374) Tromsoe 2014}) 8... Be7 9. O-O O-O 10. Na3 {[%cal Bb1a3,Ba3c4,Bc4e5,Be5d3][%mdl 32]} b4 11. Nc4 a5 12. c3 d5 13. Nce5 Na6 14. Nd3 Ng4 15. Bf4 c5 16. cxb4 axb4 17. dxc5 Nxc5 18. Nfe5 {[#] Black must now prevent Nxc5.} (18. Nxb4 $5 {feels hotter.} Qb6 19. Nd3 Nb3 20. Bc7 Qxc7 21. Qxb3 Ba6 22. h3) 18... Nxe5 19. Nxc5 Bxc5 20. Bxe5 Qb6 21. b3 ({White should play} 21. e3 $1 $11) 21... Rac8 (21... Ba6 $15) 22. Bb2 (22. e3 $11) 22... Ba6 $15 23. Qd2 d4 24. Be4 e5 {[%cal Be6e5,Be5e4][%mdl 32]} 25. a5 {[%cal Ba4a5,Ba5a6,Ba6a7][%mdl 32]} Qe6 26. Bd3 Bb7 27. a6 $36 {[%mdl 2048] White has the initiative.} Ba8 28. Rfc1 e4 29. Bc4 Qb6 (29... Qg6 $11 30. Qf4 (30. Bxd4 e3 31. Qxe3 Rce8 $14) 30... d3) 30. Qf4 ({Much worse is} 30. a7 e3 31. Qd3 (31. fxe3 {gets mated.} Qc6 32. e4 Qxe4 33. e3 d3 34. Bxd3 Bxe3+ 35. Kf1 Qh1+ 36. Ke2 Qg2+ 37. Kxe3 Qf3+ 38. Kd4 Rfd8+ 39. Ke5 Qf6#) 31... exf2+ 32. Kxf2 Rc7 $15) 30... Rce8 ({Better is} 30... Rc7) 31. a7 $16 Bb7 (31... Qb7 $16 {might work better.}) 32. Qf5 $18 Bd6 $2 (32... Rd8 33. Qxc5 Qxc5 34. Bxf7+ Rxf7 35. Rxc5 d3) 33. Qb5 Bc5 {[#]} 34. Bxf7+ $1 {[%mdl 512]} Rxf7 35. Qxe8+ Rf8 36. Qe5 e3 37. f3 Qb5 38. Bxd4 1-0

[Event "RUS-ch Youth U21 Boys 2017"]
[Site "Loo"]
[Date "2017.04.25"]
[Round "6"]
[White "Sorokin, Aleksey"]
[Black "Kozionov, Kirill"]
[Result "1-0"]
[WhiteElo "2445"]
[BlackElo "2440"]
[Annotator "TA"]
[PlyCount "75"]
[EventDate "2017.??.??"]
[EventType "tourn"]
[EventCountry "RUS"]
[SourceTitle "playchess.com"]
[Source "ChessBase"]
[SourceQuality "1"]

{[%evp 23,75,33,33,41,38,35,77,64,74,85,86,87,145,145,139,86,135,120,165,166,179,141,156,135,125,126,137,143,127,101,131,131,131,131,146,84,110,106,127,106,396,381,365,324,644,581,771,767,2408,1342,1334,1332,1143,684]} 1. d4 d5 2. c4 dxc4 3. e3 Nf6 4. Bxc4 e6 5. Nf3 a6 6. Qe2 c5 7. dxc5 Bxc5 8. O-O Nc6 9. a3 b5 10. Bd3 Bb7 11. b4 Bd6 12. Bb2 O-O 13. Nbd2 {D26: Queen's Gambit Accepted: 4 e3 e6 5 Bxc5 c5 sidelines} Qe7 14. Rac1 {[#]} e5 $146 {next ...e4 is good for Black.} (14... Rfd8 15. Rfd1 h6 16. h3 Rac8 17. Bb1 Nd7 18. Ne4 Bb8 19. Rxd7 Rxd7 20. Nc5 Nd8 21. Nxd7 Rxc1+ 22. Bxc1 Qxd7 {1-0 (42) Rapport,R (2621)-Edouard,R (2686) Wijk aan Zee 2013}) 15. Ng5 {White is better.} Rac8 16. Nde4 Nxe4 17. Nxe4 f5 (17... Rfd8 $142) 18. Nxd6 $16 Qxd6 19. Bb1 (19. Rc5 $142) 19... Qg6 {...Nd4! is the strong threat.} 20. f3 Qh5 21. Rfd1 Rcd8 22. Rxd8 Rxd8 23. Rd1 Rxd1+ 24. Qxd1 Qf7 25. Bc2 {aiming for Bb3.} Bc8 26. Qd6 Qc4 27. Bd3 Qe6 {[#]} 28. Qc5 $1 $36 {[%mdl 2048] White is on the roll.} Bd7 29. Qc3 ({White should try} 29. Bc3) 29... Qd5 30. f4 {[%cal Bf3f4,Bf4e5,Be5e6][%mdl 32]} Bc8 31. fxe5 Bb7 $2 {[%mdl 8192] [#]} (31... Be6 $16 {was worth a try.}) 32. e4 $1 $18 {[%cal Re4d5][%mdl 512]} ({Worse is} 32. Bxf5 Nxb4 33. e4 Qd1+ 34. Kf2 Nd3+ 35. Ke3 Nxb2 36. Be6+ (36. Qxb2 g6 37. Be6+ Kg7 $11) 36... Kf8 37. Qxb2 Qe1+ 38. Qe2 Qxe2+ 39. Kxe2 Bxe4 $14) 32... fxe4 33. Bc2 {Strongly threatening Bb3.} Kf8 $2 {[#]} (33... Qd8 34. e6 (34. Bxe4 Nd4 35. Bxh7+ Kh8 36. Qxd4 Qxd4+ 37. Bxd4 Kxh7 $16) 34... Qg5 35. Bxe4 Nd8) 34. e6 $1 {[%mdl 512] White is clearly winning.} Ke8 (34... Qxe6 35. Qxg7+) 35. Qxg7 Nd8 36. Qh8+ Ke7 37. Bf6+ Kxe6 38. Qxd8 1-0

[Event "RUS-ch Youth U21 Boys 2017"]
[Site "Loo"]
[Date "2017.04.26"]
[Round "7"]
[White "Yuffa, Daniil"]
[Black "Esipenko, Andrey"]
[Result "1/2-1/2"]
[WhiteElo "2521"]
[BlackElo "2492"]
[Annotator "TA"]
[PlyCount "118"]
[EventDate "2017.??.??"]
[EventType "tourn"]
[EventCountry "RUS"]
[SourceTitle "playchess.com"]
[Source "ChessBase"]
[SourceQuality "1"]

{[%evp 24,118,38,29,31,1,34,29,32,29,26,37,33,23,47,22,52,50,57,0,55,41,41,21,16,23,56,60,162,158,213,30,15,29,28,39,49,0,7,6,69,77,83,91,66,0,0,0,0,0,37,52,30,45,34,-531,0,0,0,0,0,0,0,0,0,0,0,0,0,0,0,0,0,0,0,-7,0,0,0,0,0,0,0,0,0,0,0,0,0,0,0,0,0,0,0,-33,0]} 1. d4 Nf6 2. c4 e6 3. Nf3 b6 4. a3 Bb7 5. Nc3 d5 6. Qc2 Be7 7. cxd5 Nxd5 8. e4 Nxc3 9. bxc3 O-O 10. Bd3 c5 11. O-O cxd4 12. cxd4 Nd7 13. Bf4 Rc8 {E12: Queen's Indian: Unusual White 4th moves, 4 a3, 4 Nc3 Bb7 5 a3 and 4 Nc3 Bb7} 14. Qb3 Nf6 15. Rfe1 h6 {White has an edge.} 16. h3 $146 (16. Rad1 a6 17. Bb1 Nd7 18. d5 exd5 19. exd5 Re8 20. Qd3 g6 21. Bxh6 {1-0 (56) Dambrauskas,V (2435)-Leiner,R (2389) ICCF email 2011}) 16... Nh7 17. Rad1 Bd6 18. Bd2 Be7 19. Bc1 Nf6 20. Bf4 Nh5 21. Bc1 Nf6 22. Bb1 Re8 23. Qd3 {Threatens to win with e5.} Nd7 24. Bb2 Bf8 25. h4 Be7 (25... e5 $14) 26. d5 $1 $18 {[%cal Rd5e6]} Nc5 {[#]} (26... exd5 $16 27. exd5 Nf8) 27. Qd4 $2 (27. Qc3 $1 $18 {[%csl Gb2][%cal Rc3g7]} e5 28. Nxe5 (28. Qxe5 Bf6 29. Qf5 Bxb2 $17)) 27... e5 $1 $11 {[%cal Re5d4]} 28. Nxe5 (28. Qxe5 Bf6 29. Qf5 Bxb2 $17) 28... Bf6 29. f4 Nd7 $1 30. Qa4 {Threatening Nxf7.} Nxe5 31. fxe5 (31. Bxe5 Rxe5 32. fxe5 Bxe5 $15) 31... Bxh4 (31... Bxe5 $11 32. Bxe5 Rxe5) 32. Re3 $1 $14 ({Of course not} 32. Qxa7 Bxe1 33. Rxe1 Re7 $11) 32... Qg5 33. Rf3 Bg3 34. Rdf1 (34. d6 $1 $14 Rf8 35. Qd7 (35. Qxa7 Qh5 36. Bd4 Bc6 $15)) 34... Qh4 $36 {[%csl Gg3][%cal Rh4h2][%mdl 2048] [#] Black has the initiative.} 35. Rxg3 $1 {[%mdl 512]} Qxg3 36. Qd7 Ba6 37. Qxf7+ Kh8 38. Qf3 Qg5 $1 39. Re1 $2 {[%mdl 8192] [#]} (39. Bd3 $14 {keeps the upper hand.} Bxd3 40. Qxd3) 39... Rxe5 $2 (39... Rf8 $1 $19 {[%cal Rf8f3]} 40. Bc1 Qxe5) 40. Bxe5 Qxe5 41. Rd1 Bb5 42. Qf2 Bd7 43. Rf1 Bb5 44. Rd1 ({Don't go for} 44. Qf5 $2 Qxf5 45. Rxf5 Rc1+ 46. Kh2 Rxb1 $19) 44... Bd7 45. Qd2 a5 46. Rc1 Rxc1+ 47. Qxc1 b5 48. Qd2 Qa1 49. Qd3 {Strongly threatening e5!} Qe5 50. Bc2 b4 51. axb4 axb4 52. d6 Qc5+ 53. Kh2 Qh5+ 54. Kg3 Qg5+ 55. Kf3 Qh5+ 56. Ke3 Qc5+ 57. Kf3 Qh5+ 58. Kf2 {And now e5! would win.} Qc5+ 59. Kg3 Qe5+ 1/2-1/2

[Event "RUS-ch Youth U21 Boys 2017"]
[Site "Loo"]
[Date "2017.04.26"]
[Round "7"]
[White "Lomasov, Semen"]
[Black "Sarana, Alexey"]
[Result "1/2-1/2"]
[WhiteElo "2489"]
[BlackElo "2464"]
[Annotator "TA"]
[PlyCount "93"]
[EventDate "2017.??.??"]
[EventType "tourn"]
[EventCountry "RUS"]
[SourceTitle "playchess.com"]
[Source "ChessBase"]
[SourceQuality "1"]

{[%evp 11,93,0,0,-9,0,-33,-42,-43,7,-1,18,-26,-27,-85,3,-12,35,35,183,115,143,110,91,104,136,79,123,129,153,137,137,134,413,137,102,27,21,33,43,43,43,36,36,45,42,41,48,22,99,99,141,141,142,131,146,145,133,138,139,72,75,72,72,72,72,72,72,66,150,72,191,97,110,101,91,54,112,112,120,81,301,30,30,8]} 1. e4 c6 2. d4 d5 3. e5 Bf5 4. g4 Be4 5. f3 Bg6 6. h4 h5 7. Ne2 {B12: Caro-Kann: Advance Variation} (7. e6 Qd6 8. exf7+ Bxf7 9. g5 Qg3+ 10. Ke2 e6 11. Nh3 Qc7 12. Qd3 Ne7 13. Kd1 Nd7 14. Nc3 Nf5 15. Ne2 g6 16. Nf2 Bg7 {0-1 (41) Chandler,P (2107)-Donchenko,A (2563) Heusenstamm 2016}) 7... hxg4 8. fxg4 e6 9. h5 {Black is slightly better.} Be4 10. Rh3 c5 11. Nbc3 $146 (11. c3 Nc6 12. Nd2 Qa5 13. Qb3 O-O-O 14. Nxe4 dxe4 15. Bd2 Nh6 16. Bg2 {1-0 (16) Barr,E-Schreber,D IECC email 2000}) 11... Bh7 12. Be3 (12. Na4 $11 {remains equal.}) 12... Nc6 (12... Nh6 $1 $17 13. Qd2 Nxg4) 13. dxc5 $11 Nxe5 14. Nd4 Ne7 (14... Be7 $14) 15. Bb5+ ({White should try} 15. Bf4 $1 $18 {[%cal Rf4e5]} N7c6 16. Bxe5 Nxe5 17. Bb5+ Nd7 18. Qe2) 15... N7c6 $16 16. Bf4 $36 {[%mdl 2048] White is in control.} a6 17. Ba4 {Black must now prevent Bxe5.} Qf6 18. Qd2 (18. Nce2 $142 $1 Nd7 19. g5 (19. Nxc6 bxc6 20. Bxc6 Rc8 21. Bxd7+ Kxd7 $11)) 18... Nc4 19. g5 Qe7 20. Nxc6 Qxc5 21. Qd4 Nxb2 $2 {[%mdl 8192] [#]} (21... bxc6 $16 {might work better.} 22. Qxc5 Bxc5) 22. Qxc5 $2 (22. Nxd5 $1 $18 {[%cal Rd5c7] is the precise move to win.} Qxd4 23. Nc7+ Kd7 24. Nxd4+ Nxa4 25. O-O-O) 22... Bxc5 23. g6 (23. Be5 $16 {h6 is the strong threat.} Nxa4 24. Nxa4) 23... Bxg6 $1 $11 24. Ne5+ b5 25. Nxb5 axb5 26. Bxb5+ Ke7 27. Rb3 Rxh5 28. Rxb2 {Threatens to win with Kd2.} ({Inferior is} 28. Nxg6+ fxg6 29. Rxb2 Rf8 $17) 28... Be4 29. Bf1 {Hoping for Rb7+.} d4 (29... Ke8 $1 $11) 30. Rb5 $16 Rc8 31. Nd3 Rf5 {And now ...Bxd3 would win.} 32. Rxc5 Rcxc5 33. Nxc5 Rxc5 34. Bd3 Bc6 35. a4 (35. O-O-O $142) 35... Ra5 ({Not} 35... e5 $2 36. Bd2 $18) 36. Bc7 Rxa4 37. Rxa4 Bxa4 38. Be5 f6 39. Bxd4 g5 (39... e5 $14 40. Bc5+ Ke6) 40. c4 (40. Bc5+ $142 Kf7 41. Kf2) 40... Bc6 (40... e5 $16 41. Be3 Kd6) 41. Kf2 (41. Bc5+ $18 Kd7 42. Kf2) 41... e5 42. Be3 Ke6 43. Kg3 e4 {[#]} (43... Ba4 $14 44. Bh7 Bd1 45. Bg8+ Kd6) 44. Be2 $1 Kf7 45. Bh5+ Kg7 $2 (45... Ke6 $16 46. Bc1 Bb7) 46. Bb6 $2 (46. Kh2 $18) 46... f5 $11 47. Be3 1/2-1/2

[Event "RUS-ch Youth U21 Boys 2017"]
[Site "Loo"]
[Date "2017.04.26"]
[Round "7"]
[White "Zakhartsov, Vladimir"]
[Black "Sorokin, Aleksey"]
[Result "1/2-1/2"]
[WhiteElo "2470"]
[BlackElo "2445"]
[Annotator "TA"]
[PlyCount "80"]
[EventDate "2017.??.??"]
[EventType "tourn"]
[EventCountry "RUS"]
[SourceTitle "playchess.com"]
[Source "ChessBase"]
[SourceQuality "1"]

{[%evp 27,80,2,10,-5,-12,-86,0,-7,-7,-9,-11,-18,0,0,-10,-14,0,-17,0,0,9,0,21,10,8,10,10,10,7,5,20,18,22,20,30,20,20,20,26,23,11,7,15,7,10,8,8,8,8,0,0,0,8,0,0]} 1. e4 c6 2. d4 d5 3. Nc3 {[%cal Bb1c3,Bc3e4,Be4g5,Bg5f3,Bf3e5][%mdl 32]} dxe4 4. Nxe4 Nd7 5. Bc4 Ngf6 6. Ng5 e6 7. Qe2 Nb6 8. Bd3 h6 9. N5f3 c5 10. dxc5 Bxc5 11. Ne5 Nbd7 12. Ngf3 Qc7 13. Bf4 Bb4+ 14. Kf1 {B17: Caro-Kann: Modern Line (4...Nd7)} Bd6 {LiveBook: 9 Games} 15. Re1 {[#] Threatens to win with Nxf7!} (15. Ng6 Bxf4 16. Nxh8 Nc5 17. Bb5+ Kf8 18. g3 Bd6 19. Kg2 b6 20. Rhe1 Bb7 21. a4 Nce4 {1-0 (85) Draskovic,L (2432)-Sutovsky,E (2626) Jerusalem 2015}) 15... O-O 16. h3 (16. Nxd7 $11 {keeps the balance.} Bxd7 17. Be5) 16... Nxe5 (16... Nc5 $17) 17. Nxe5 Nd5 $146 (17... b6 18. g4 Bb7 19. Rg1 g5 20. h4 Nd5 {1-0 (34) Dimitrov,V (2460)-Paramos Dominguez,R (2365) Lalin 1994}) 18. Bd2 ({Of course not} 18. Qe4 f5 19. Qd4 Nxf4 20. Qxf4 {[#]} b5 $1 $15 {[%mdl 512]}) 18... Rd8 19. a3 Bxe5 20. Qxe5 Qxe5 21. Rxe5 f6 22. Re2 e5 23. f3 Bd7 24. h4 Bc6 25. h5 Nc7 26. Rh4 Bb5 27. Bxb5 Nxb5 28. Be3 a6 29. Rb4 Nd6 30. a4 Nf5 {aiming for ...Ng3+.} 31. Kf2 Rd7 32. Rd2 Rad8 33. Rxd7 Rxd7 $11 {[%mdl 4096] Endgame KRB-KRN} 34. g4 {The position is equal.} Ne7 35. Ke2 f5 36. Rb6 Kf7 37. c4 Nc8 38. Rg6 Ne7 39. Rb6 Nc8 40. Rg6 Ne7 1/2-1/2